MARC details
| 000 -CABECERA |
| campo de control de longitud fija |
01454cam a2200385 a 4500 |
| 001 - NÚMERO DE CONTROL |
| campo de control |
000018024 |
| 005 - FECHA Y HORA DE LA ÚLTIMA TRANSACCIÓN |
| campo de control |
20200929165324.0 |
| 008 - DATOS DE LONGITUD FIJA--INFORMACIÓN GENERAL |
| campo de control de longitud fija |
891005s1985 si b 001 0 eng |
| 010 ## - NÚMERO DE CONTROL DE LA BIBLIOTECA DEL CONGRESO |
| Número de control de LC |
86157830 |
| 020 ## - NÚMERO INTERNACIONAL ESTÁNDAR DEL LIBRO |
| Número Internacional Estándar del Libro |
997188089X |
| 040 ## - FUENTE DE LA CATALOGACIÓN |
| Centro catalogador/agencia de origen |
DO-SdBNP |
| Centro/agencia transcriptor |
DLC |
| Centro/agencia modificador |
DLC |
| 041 0# - CÓDIGO DE LENGUA |
| Código de lengua del texto/banda sonora o título independiente |
engchimaytam |
| 043 ## - CÓDIGO DE ÁREA GEOGRÁFICA |
| Código de área geográfica |
a-si--- |
| 050 00 - SIGNATURA TOPOGRÁFICA DE LA BIBLIOTECA DEL CONGRESO |
| Número de clasificación |
PL3508.65.E5 |
| Número de documento/Ítem |
P64 1985 |
| 082 00 - NÚMERO DE LA CLASIFICACIÓN DECIMAL DEWEY |
| Número de clasificación |
808.81/0095957 |
| Número de edición |
20 |
| 245 04 - MENCIÓN DE TÍTULO |
| Título |
The poetry of Singapore / |
| Mención de responsabilidad, etc. |
editors, Edwin Thumboo ... [et al.]. |
| 260 ## - PUBLICACIÓN, DISTRIBUCIÓN, ETC. |
| Lugar de publicación, distribución, etc. |
[Singapore?] : |
| Nombre del editor, distribuidor, etc. |
ASEAN Committee on Culture and Information, |
| Fecha de publicación, distribución, etc. |
c1985. |
| 300 ## - DESCRIPCIÓN FÍSICA |
| Extensión |
560 p. : |
| Otras características físicas |
col. maps ; |
| Dimensiones |
25 cm. |
| 490 1# - MENCIÓN DE SERIE |
| Mención de serie |
Anthology of ASEAN literatures ; |
| Designación de volumen o secuencia |
vol. 1 |
| 500 ## - NOTA GENERAL |
| Nota general |
Poems. |
| 500 ## - NOTA GENERAL |
| Nota general |
In Chinese, English, Malay, and Tamil. |
| 500 ## - NOTA GENERAL |
| Nota general |
Maps on lining papers. |
| 500 ## - NOTA GENERAL |
| Nota general |
Includes index. |
| 650 #0 - PUNTO DE ACCESO ADICIONAL DE MATERIA--TÉRMINO DE MATERIA |
| Término de materia o nombre geográfico como elemento de entrada |
Malay poetry |
| Subdivisión geográfica |
Singapore |
| Subdivisión de forma |
Translations into English. |
| 9 (RLIN) |
39074 |
| 650 #0 - PUNTO DE ACCESO ADICIONAL DE MATERIA--TÉRMINO DE MATERIA |
| Término de materia o nombre geográfico como elemento de entrada |
Tamil poetry |
| Subdivisión geográfica |
Singapore |
| Subdivisión de forma |
Translations into English. |
| 9 (RLIN) |
39075 |
| 650 #0 - PUNTO DE ACCESO ADICIONAL DE MATERIA--TÉRMINO DE MATERIA |
| Término de materia o nombre geográfico como elemento de entrada |
Singaporean poetry (chinese) |
| Subdivisión de forma |
Translations into English. |
| 9 (RLIN) |
39076 |
| 650 #0 - PUNTO DE ACCESO ADICIONAL DE MATERIA--TÉRMINO DE MATERIA |
| Término de materia o nombre geográfico como elemento de entrada |
Malay poetry |
| Subdivisión geográfica |
Singapore. |
| 9 (RLIN) |
39077 |
| 650 #0 - PUNTO DE ACCESO ADICIONAL DE MATERIA--TÉRMINO DE MATERIA |
| Término de materia o nombre geográfico como elemento de entrada |
Tamil poetry |
| Subdivisión geográfica |
Singapore. |
| 9 (RLIN) |
39078 |
| 650 #0 - PUNTO DE ACCESO ADICIONAL DE MATERIA--TÉRMINO DE MATERIA |
| Término de materia o nombre geográfico como elemento de entrada |
Singaporean poetry (chinese) |
| 9 (RLIN) |
39079 |
| 650 #0 - PUNTO DE ACCESO ADICIONAL DE MATERIA--TÉRMINO DE MATERIA |
| Término de materia o nombre geográfico como elemento de entrada |
Singaporean poetry (english) |
| 9 (RLIN) |
39080 |
| 700 1# - PUNTO DE ACCESO ADICIONAL--NOMBRE DE PERSONA |
| Nombre de persona |
Thumboo, Edwin, |
| Fechas asociadas al nombre |
1933- |
| 9 (RLIN) |
39081 |
| 710 2# - PUNTO DE ACCESO ADICIONAL--NOMBRE DE ENTIDAD CORPORATIVA |
| Nombre de entidad corporativa o nombre de jurisdicción como elemento de entrada |
ASEAN Committee on Culture and Information. |
| 9 (RLIN) |
39082 |
| 830 #0 - PUNTO DE ACCESO ADICIONAL DE SERIE-TÍTULO UNIFORME |
| Título uniforme |
Anthology of ASEAN literatures (Singapore) ; |
| Designación de volumen o secuencia |
vol. 1. |
| 9 (RLIN) |
39083 |
| 910 ## - DATOS DE OPCIÓN DEL USUARIO (OCLC) |
| Datos de opción del usuario |
Catalogación por copia / LC |